=LDR 00000nam 2200000 4500 =001 INLIS000000000030741 =005 20130612132848 =008 ***********************************Ind** =035 ##$$0010-061300000030741 =041 ##$$a Ind =082 ##$$a 005.133 =090 ##$$a 005.133, Uta s =100 ##$$a Utami, Ema =245 ##$$a Seratus satu dan trik bahasa C di GNU, Ema Utami =260 ##$$a 2005 $b Yogyakarta =300 ##$$a viii, 140 hlm, 22 cm =650 ##$$a Bahasa Komputer Program Language =850 ##$$a NBPNMAT